All Cities in China with Population of 2 Million+ - Statistics

General Stats
  • This quiz has been taken 248 times
    103 since last reset
  • The average score is 38 of 59
Answers on the Map
Answers color-coded by a green-red scale on the quiz's map according to % correct below.
 
Answer Stats
Pop Agglomeration % Correct
21.2 m Beijing
100%
40.8 m Shanghai
100%
70.1 m Guangzhou (incl Shenzhen)
98%
12.2 m Wuhan
96%
12.8 m Xi'an
96%
10.9 m Chongqing
94%
17.3 m Chengdu
92%
7.25 m Hong Kong
92%
11.5 m Tianjin
92%
14.9 m Xiamen
92%
9.30 m Nanjing
91%
4.85 m Urumqi
91%
5.45 m Harbin
85%
8.70 m Shenyang
81%
13.9 m Hangzhou
79%
7.45 m Qingdao
79%
4.65 m Fuzhou
77%
9.80 m Zhengzhou
77%
11.0 m Changsha
75%
7.30 m Ningbo
75%
5.05 m Changchun
74%
5.30 m Dalian
74%
6.50 m Kunming
74%
5.30 m Nanning
74%
7.80 m Hefei
72%
6.55 m Jinan
72%
8.00 m Shantou
72%
5.10 m Wenzhou
70%
3.50 m Lanzhou
68%
6.20 m Shijiazhuang
68%
5.95 m Taiyuan
68%
2.35 m Anshan
64%
5.05 m Guiyang
64%
4.45 m Linyi
62%
4.98 m Nanchang
62%
3.88 m Zibo
60%
2.68 m Haikou
58%
3.60 m Luoyang
57%
2.73 m Hohhot
55%
3.35 m Nantong
55%
3.18 m Weifang
51%
3.08 m Xuzhou
51%
2.50 m Yantai
49%
2.15 m Baoding
47%
2.18 m Baotou
47%
2.40 m Yinchuan
45%
2.43 m Liuzhou
43%
2.70 m Tangshan
43%
3.10 m Jiangyin
42%
2.18 m Xining
42%
2.55 m Zhuhai
42%
2.25 m Yangzhou
40%
2.58 m Taizhou
38%
2.83 m Handan
36%
2.60 m Xinxiang
36%
2.03 m Pingdingshan
34%
2.58 m Yiwu
34%
2.08 m Ganzhou
25%
2.18 m Jiaxing
17%
No matching quizzes found
Score Distribution
Percent of People with Each Score
Percentile by Number Answered
Your Score History
You have not taken this quiz since the last reset